[Event "ODJM C 2023"]
[Site "Willingen GER"]
[Date "2023.05.28"]
[Round "1"]
[White "Krömer, Antonius"]
[Black "Reh, Krispin"]
[Result "0-1"]
[Termination "normal"]
[Board "6"]
[WhiteElo "1353"]
[BlackElo "1083"]
[WhiteClock "01:00:24"]
[BlackClock "00:35:58"]
[PlyCount "86"]
[WhiteFideId "34660518"]
[BlackFideId "16299205"]
[EventCountry "GER"]
[EventRounds "9"]
[EventType "swiss"]
[EventDate "2023.05.27"]

1. d4 {[%clk 01:30:54] [%emt 00:00:05]} 1... c6 {[%clk 01:30:52] [%emt
00:00:08]} 2. Nf3 {[%clk 01:31:18] [%emt 00:00:06]} 2... d5 {[%clk 01:31:11]
[%emt 00:00:12]} 3. Nc3 {[%clk 01:30:32] [%emt 00:01:15]} 3... Bf5 {[%clk
01:31:29] [%emt 00:00:11]} 4. e3 {[%clk 01:30:52] [%emt 00:00:11]} 4... Nf6
{[%clk 01:31:06] [%emt 00:00:53]} 5. Bd3 {[%clk 01:31:07] [%emt 00:00:15]} 5...
Bxd3 {[%clk 01:31:27] [%emt 00:00:09]} 6. cxd3 {[%clk 01:31:30] [%emt
00:00:08]} 6... e6 {[%clk 01:31:34] [%emt 00:00:22]} 7. Qb3 {[%clk 01:31:20]
[%emt 00:00:41]} 7... b5 {[%clk 01:31:04] [%emt 00:00:59]} 8. e4 {[%clk
01:29:56] [%emt 00:01:53]} 8... b4 {[%clk 01:29:10] [%emt 00:02:24]} 9. e5
{[%clk 01:29:34] [%emt 00:00:53]} 9... bxc3 {[%clk 01:28:10] [%emt 00:01:30]}
10. exf6 {[%clk 01:29:35] [%emt 00:00:29]} 10... Qxf6 {[%clk 01:28:03] [%emt
00:00:36]} 11. Qxc3 {[%clk 01:29:42] [%emt 00:00:24]} 11... h6 {[%clk 01:25:34]
[%emt 00:02:58]} 12. g3 {[%clk 01:27:01] [%emt 00:03:11]} 12... Bd6 {[%clk
01:23:31] [%emt 00:02:33]} 13. Ne5 {[%clk 01:24:12] [%emt 00:04:39]} 13... c5
{[%clk 01:16:50] [%emt 00:07:52]} 14. f4 {[%clk 01:24:19] [%emt 00:00:20]}
14... cxd4 {[%clk 01:12:42] [%emt 00:04:41]} 15. Qxd4 {[%clk 01:23:30] [%emt
00:01:20]} 15... O-O {[%clk 01:09:39] [%emt 00:03:32]} 16. h4 {[%clk 01:19:58]
[%emt 00:04:02]} 16... Qe7 {[%clk 01:06:36] [%emt 00:03:32]} 17. Bd2 {[%clk
01:18:59] [%emt 00:01:29]} 17... Rc8 {[%clk 01:03:51] [%emt 00:03:15]} 18. Rc1
{[%clk 01:18:10] [%emt 00:01:20]} 18... Bc5 {[%clk 00:56:43] [%emt 00:07:37]}
19. Qc3 {[%clk 01:10:27] [%emt 00:08:14]} 19... Bf2+ {[%clk 00:53:47] [%emt
00:03:26]} 20. Kxf2 {[%clk 01:10:18] [%emt 00:00:39]} 20... Rxc3 {[%clk
00:54:04] [%emt 00:00:13]} 21. Rxc3 {[%clk 01:10:35] [%emt 00:00:13]} 21... Na6
{[%clk 00:51:47] [%emt 00:02:46]} 22. Rhc1 {[%clk 01:10:19] [%emt 00:00:46]}
22... Qb7 {[%clk 00:50:49] [%emt 00:01:22]} 23. b3 {[%clk 01:10:23] [%emt
00:00:33]} 23... Kh7 {[%clk 00:46:36] [%emt 00:04:42]} 24. g4 {[%clk 01:06:45]
[%emt 00:04:08]} 24... f6 {[%clk 00:45:01] [%emt 00:02:06]} 25. Nf3 {[%clk
01:06:38] [%emt 00:00:37]} 25... Rd8 {[%clk 00:43:29] [%emt 00:02:03]} 26. Nd4
{[%clk 01:05:46] [%emt 00:01:21]} 26... Qb6 {[%clk 00:41:59] [%emt 00:01:59]}
27. Be3 {[%clk 01:05:42] [%emt 00:00:34]} 27... e5 {[%clk 00:40:57] [%emt
00:01:32]} 28. Nc6 {[%clk 01:05:00] [%emt 00:01:13]} 28... d4 {[%clk 00:39:09]
[%emt 00:02:18]} 29. Nxd8 {[%clk 01:03:55] [%emt 00:01:35]} 29... dxe3+ {[%clk
00:39:26] [%emt 00:00:13]} 30. Ke2 {[%clk 01:04:20] [%emt 00:00:05]} 30... Qxd8
{[%clk 00:39:44] [%emt 00:00:12]} 31. fxe5 {[%clk 01:04:27] [%emt 00:00:23]}
31... fxe5 {[%clk 00:39:37] [%emt 00:00:38]} 32. Kxe3 {[%clk 01:04:31] [%emt
00:00:26]} 32... Qxh4 {[%clk 00:39:41] [%emt 00:00:24]} 33. Rc4 {[%clk
01:04:11] [%emt 00:00:51]} 33... Nb4 {[%clk 00:38:39] [%emt 00:01:32]} 34. a3
{[%clk 01:03:02] [%emt 00:01:39]} 34... Nd5+ {[%clk 00:37:41] [%emt 00:01:27]}
35. Kf3 {[%clk 01:01:13] [%emt 00:02:17]} 35... Qh3+ {[%clk 00:37:09] [%emt
00:01:03]} 36. Ke2 {[%clk 01:01:31] [%emt 00:00:13]} 36... Qe3+ {[%clk
00:36:08] [%emt 00:01:28]} 37. Kf1 {[%clk 00:59:49] [%emt 00:02:15]} 37...
Qxd3+ {[%clk 00:36:07] [%emt 00:00:32]} 38. Kf2 {[%clk 00:59:54] [%emt
00:00:25]} 38... e4 {[%clk 00:35:50] [%emt 00:00:45]} 39. Rd1 {[%clk 00:59:28]
[%emt 00:00:58]} 39... Qxd1 {[%clk 00:36:03] [%emt 00:00:16]} 40. Rxe4 {[%clk
00:59:43] [%emt 00:00:16]} 40... Qc2+ {[%clk 00:35:42] [%emt 00:00:50]} 41. Re2
{[%clk 00:59:47] [%emt 00:00:26]} 41... Qxb3 {[%clk 00:35:49] [%emt 00:00:24]}
42. Rd2 {[%clk 01:00:04] [%emt 00:00:12]} 42... Qxa3 {[%clk 00:35:58] [%emt
00:00:21]} 43. Rxd5 {[%clk 01:00:24] [%emt 00:00:09]} 43... Qa2+ {[%emt
00:00:23]} 0-1

[Event "ODJM C 2023"]
[Site "Willingen GER"]
[Date "2023.05.28"]
[Round "1"]
[White "Finck, Julius"]
[Black "Classen, Marnin"]
[Result "0-1"]
[Termination "normal"]
[Board "7"]
[WhiteElo "1071"]
[BlackElo "1352"]
[WhiteClock "00:34:16"]
[BlackClock "00:57:26"]
[PlyCount "40"]
[WhiteFideId "34660429"]
[BlackFideId "34623833"]
[EventCountry "GER"]
[EventRounds "9"]
[EventType "swiss"]
[EventDate "2023.05.27"]

1. d4 {[%clk 01:30:46] [%emt 00:00:12]} 1... d5 {[%clk 01:30:50] [%emt
00:00:11]} 2. Bf4 {[%clk 01:31:04] [%emt 00:00:12]} 2... e6 {[%clk 01:30:49]
[%emt 00:00:31]} 3. e3 {[%clk 01:31:13] [%emt 00:00:21]} 3... Bd6 {[%clk
01:31:08] [%emt 00:00:12]} 4. Bg3 {[%clk 01:31:31] [%emt 00:00:09]} 4... c6
{[%clk 01:31:04] [%emt 00:00:37]} 5. c3 {[%clk 01:31:27] [%emt 00:00:34]} 5...
Nf6 {[%clk 01:29:54] [%emt 00:01:39]} 6. Nd2 {[%clk 01:28:25] [%emt 00:03:26]}
6... Bxg3 {[%clk 01:26:23] [%emt 00:04:07]} 7. hxg3 {[%clk 01:28:30] [%emt
00:00:20]} 7... Nbd7 {[%emt 00:02:18]} 8. Bd3 {[%clk 01:18:29] [%emt 00:00:31]}
8... Qc7 {[%clk 01:22:51] [%emt 00:12:19]} 9. Qc2 {[%clk 01:17:44] [%emt
00:01:13]} 9... Qd6 {[%clk 01:20:29] [%emt 00:02:54]} 10. Bxh7 {[%clk 01:16:27]
[%emt 00:01:46]} 10... g6 {[%clk 01:20:17] [%emt 00:00:44]} 11. O-O-O {[%clk
01:01:00] [%emt 00:10:04]} 11... Rxh7 {[%clk 01:19:25] [%emt 00:07:15]} 12.
Rxh7 {[%clk 00:57:17] [%emt 00:04:12]} 12... Nxh7 {[%clk 01:17:24] [%emt
00:02:29]} 13. Ngf3 {[%clk 00:55:12] [%emt 00:02:27]} 13... Nhf6 {[%clk
01:13:13] [%emt 00:04:52]} 14. Rh1 {[%clk 00:53:39] [%emt 00:02:01]} 14... b6
{[%emt 00:04:30]} 15. Rh8+ {[%clk 00:52:53] [%emt 00:00:03]} 15... Ke7 {[%clk
01:10:07] [%emt 00:00:50]} 16. Ng5 {[%clk 00:44:36] [%emt 00:08:43]} 16... Bb7
{[%clk 01:10:11] [%emt 00:00:31]} 17. Rh3 {[%clk 00:42:21] [%emt 00:02:34]}
17... Ba6 {[%clk 01:06:09] [%emt 00:04:44]} 18. f4 {[%clk 00:41:26] [%emt
00:02:36]} 18... Be2 {[%clk 01:00:33] [%emt 00:05:53]} 19. Kb1 {[%clk 00:37:08]
[%emt 00:04:48]} 19... Bg4 {[%clk 00:59:35] [%emt 00:01:28]} 20. Rh4 {[%clk
00:34:16] [%emt 00:01:55]} 20... Bf5 {[%clk 00:57:26] [%emt 00:04:06]} 0-1

[Event "ODJM C 2023"]
[Site "Willingen GER"]
[Date "2023.05.28"]
[Round "1"]
[White "Vöcking, Laura"]
[Black "Claussen, Daniela"]
[Result "1-0"]
[Termination "normal"]
[Board "8"]
[WhiteElo "1282"]
[BlackElo "1043"]
[WhiteClock "00:16:35"]
[BlackClock "00:42:30"]
[PlyCount "121"]
[WhiteFideId "16287630"]
[BlackFideId "16248929"]
[EventCountry "GER"]
[EventRounds "9"]
[EventType "swiss"]
[EventDate "2023.05.27"]

1. e4 {[%clk 01:30:57] [%emt 00:00:02]} 1... e6 {[%clk 01:30:56] [%emt
00:00:04]} 2. d4 {[%clk 01:31:08] [%emt 00:00:20]} 2... b6 {[%clk 01:31:22]
[%emt 00:00:04]} 3. Nc3 {[%clk 01:30:59] [%emt 00:00:40]} 3... Bb4 {[%clk
01:31:44] [%emt 00:00:07]} 4. Bd2 {[%clk 01:29:20] [%emt 00:02:08]} 4... Bb7
{[%clk 01:32:06] [%emt 00:00:09]} 5. d5 {[%clk 01:27:16] [%emt 00:02:34]} 5...
d6 {[%clk 01:25:51] [%emt 00:06:45]} 6. Nf3 {[%clk 01:23:19] [%emt 00:04:27]}
6... Nd7 {[%clk 01:23:04] [%emt 00:03:18]} 7. Bc4 {[%clk 01:20:32] [%emt
00:03:17]} 7... e5 {[%clk 01:21:02] [%emt 00:02:31]} 8. a3 {[%clk 01:16:21]
[%emt 00:04:42]} 8... Bxc3 {[%clk 01:21:09] [%emt 00:00:23]} 9. Bxc3 {[%clk
01:16:16] [%emt 00:00:35]} 9... Ngf6 {[%clk 01:20:30] [%emt 00:01:09]} 10. Qe2
{[%clk 01:13:52] [%emt 00:02:53]} 10... a6 {[%clk 01:16:31] [%emt 00:04:30]}
11. O-O {[%clk 01:11:08] [%emt 00:03:13]} 11... O-O {[%clk 01:15:21] [%emt
00:01:40]} 12. b4 {[%clk 01:06:25] [%emt 00:05:14]} 12... b5 {[%clk 01:12:49]
[%emt 00:03:02]} 13. Bb3 {[%clk 01:04:51] [%emt 00:02:03]} 13... c6 {[%clk
01:09:49] [%emt 00:03:31]} 14. Rfd1 {[%clk 01:00:41] [%emt 00:04:40]} 14... Qc7
{[%clk 01:07:22] [%emt 00:02:57]} 15. Rd2 {[%clk 00:53:14] [%emt 00:07:57]}
15... Nb6 {[%clk 01:01:53] [%emt 00:05:58]} 16. Rad1 {[%clk 00:51:29] [%emt
00:02:15]} 16... cxd5 {[%clk 00:59:21] [%emt 00:03:03]} 17. Bb2 {[%clk
00:43:03] [%emt 00:08:55]} 17... dxe4 {[%clk 00:58:13] [%emt 00:01:39]} 18. Nh4
{[%clk 00:42:06] [%emt 00:01:27]} 18... Rfd8 {[%clk 00:57:12] [%emt 00:01:30]}
19. Nf5 {[%clk 00:36:48] [%emt 00:05:49]} 19... Nc4 {[%clk 00:55:03] [%emt
00:02:39]} 20. Bxc4 {[%clk 00:35:30] [%emt 00:01:48]} 20... bxc4 {[%clk
00:53:18] [%emt 00:02:14]} 21. Rxd6 {[%clk 00:33:26] [%emt 00:02:34]} 21...
Rxd6 {[%clk 00:50:17] [%emt 00:03:32]} 22. Nxd6 {[%clk 00:32:46] [%emt
00:01:09]} 22... Rb8 {[%clk 00:44:31] [%emt 00:06:16]} 23. Qxc4 {[%clk
00:29:31] [%emt 00:03:45]} 23... Qxc4 {[%clk 00:43:24] [%emt 00:01:37]} 24.
Nxc4 {[%clk 00:29:46] [%emt 00:00:15]} 24... h6 {[%clk 00:41:54] [%emt
00:02:01]} 25. Nxe5 {[%clk 00:28:06] [%emt 00:02:10]} 25... Rc8 {[%clk
00:40:35] [%emt 00:01:49]} 26. c4 {[%clk 00:26:55] [%emt 00:01:41]} 26... Rc7
{[%clk 00:38:14] [%emt 00:02:50]} 27. h3 {[%clk 00:24:10] [%emt 00:03:15]}
27... Re7 {[%clk 00:37:32] [%emt 00:01:12]} 28. Kh2 {[%clk 00:16:59] [%emt
00:07:41]} 28... Kh7 {[%clk 00:33:54] [%emt 00:04:09]} 29. Kg3 {[%clk 00:11:14]
[%emt 00:06:15]} 29... g5 {[%clk 00:31:50] [%emt 00:02:34]} 30. Ng4 {[%clk
00:08:46] [%emt 00:02:58]} 30... Nh5+ {[%clk 00:28:14] [%emt 00:04:05]} 31. Kh2
{[%clk 00:07:45] [%emt 00:01:31]} 31... Bc8 {[%clk 00:25:10] [%emt 00:03:34]}
32. Nf6+ {[%clk 00:05:36] [%emt 00:02:39]} 32... Nxf6 {[%clk 00:25:13] [%emt
00:00:27]} 33. Bxf6 {[%clk 00:06:01] [%emt 00:00:05]} 33... Re6 {[%clk
00:25:01] [%emt 00:00:41]} 34. Bc3 {[%clk 00:05:32] [%emt 00:01:00]} 34... Rc6
{[%clk 00:23:18] [%emt 00:02:13]} 35. c5 {[%clk 00:03:57] [%emt 00:02:06]}
35... f5 {[%clk 00:20:52] [%emt 00:02:55]} 36. Rd5 {[%clk 00:02:25] [%emt
00:02:02]} 36... g4 {[%clk 00:17:20] [%emt 00:04:02]} 37. hxg4 {[%clk 00:02:08]
[%emt 00:00:47]} 37... fxg4 {[%clk 00:17:38] [%emt 00:00:11]} 38. Re5 {[%clk
00:02:15] [%emt 00:00:24]} 38... Re6 {[%clk 00:17:20] [%emt 00:00:47]} 39. Rxe6
{[%clk 00:02:24] [%emt 00:00:21]} 39... Bxe6 {[%clk 00:17:41] [%emt 00:00:09]}
40. Kg3 {[%clk 00:02:06] [%emt 00:00:48]} 40... Kg6 {[%clk 00:17:48] [%emt
00:00:23]} 41. Kf4 {[%clk 00:02:11] [%emt 00:00:25]} 41... h5 {[%clk 00:17:03]
[%emt 00:01:15]} 42. a4 {[%clk 00:00:55] [%emt 00:01:47]} 42... Bd5 {[%clk
00:17:10] [%emt 00:00:22]} 43. g3 {[%clk 00:00:48] [%emt 00:00:37]} 43... Bc6
{[%clk 00:17:15] [%emt 00:00:24]} 44. a5 {[%clk 00:29:27] [%emt 00:01:53]}
44... Bd5 {[%clk 00:47:08] [%emt 00:00:36]} 45. Bd4 {[%clk 00:29:22] [%emt
00:00:35]} 45... Bc6 {[%clk 00:47:13] [%emt 00:00:24]} 46. Ke5 {[%clk 00:28:47]
[%emt 00:01:06]} 46... Kf7 {[%clk 00:46:08] [%emt 00:01:34]} 47. Kd6 {[%clk
00:28:15] [%emt 00:01:03]} 47... Bb5 {[%clk 00:45:49] [%emt 00:00:48]} 48. c6
{[%clk 00:24:55] [%emt 00:03:51]} 48... Ke8 {[%clk 00:45:52] [%emt 00:00:26]}
49. Bb6 {[%clk 00:20:25] [%emt 00:05:00]} 49... Ba4 {[%clk 00:44:44] [%emt
00:01:38]} 50. Kc7 {[%clk 00:17:59] [%emt 00:02:57]} 50... Ke7 {[%clk 00:44:08]
[%emt 00:01:06]} 51. Kb7 {[%clk 00:15:32] [%emt 00:02:57]} 51... Bb5 {[%clk
00:42:05] [%emt 00:02:32]} 52. c7 {[%clk 00:14:24] [%emt 00:01:39]} 52... Bd7
{[%clk 00:42:10] [%emt 00:00:24]} 53. c8=Q {[%clk 00:14:33] [%emt 00:00:22]}
53... Bxc8+ {[%clk 00:42:31] [%emt 00:00:08]} 54. Kxc8 {[%clk 00:14:57] [%emt
00:00:06]} 54... Kd6 {[%clk 00:42:54] [%emt 00:00:07]} 55. Kb7 {[%clk 00:15:13]
[%emt 00:00:15]} 55... Kd5 {[%clk 00:42:08] [%emt 00:01:16]} 56. Kxa6 {[%clk
00:15:23] [%emt 00:00:20]} 56... Kc4 {[%clk 00:42:10] [%emt 00:00:28]} 57. Bc5
{[%clk 00:15:25] [%emt 00:00:28]} 57... Kd3 {[%clk 00:42:19] [%emt 00:00:21]}
58. Kb5 {[%clk 00:15:34] [%emt 00:00:20]} 58... e3 {[%clk 00:42:11] [%emt
00:00:38]} 59. Bxe3 {[%clk 00:15:59] [%emt 00:00:05]} 59... Ke4 {[%clk
00:42:28] [%emt 00:00:13]} 60. a6 {[%clk 00:16:21] [%emt 00:00:09]} 60... Kf3
{[%clk 00:42:30] [%emt 00:00:27]} 61. a7 {[%clk 00:16:35] [%emt 00:00:17]} 1-0

[Event "ODJM C 2023"]
[Site "Willingen GER"]
[Date "2023.05.28"]
[Round "1"]
[White "Lohrmann, Flavia"]
[Black "Franke, Leonhard"]
[Result "0-1"]
[Termination "normal"]
[Board "9"]
[WhiteElo "1066"]
[BlackElo "1348"]
[WhiteClock "00:16:34"]
[BlackClock "00:23:48"]
[PlyCount "94"]
[WhiteFideId "12982865"]
[BlackFideId "34644806"]
[EventCountry "GER"]
[EventRounds "9"]
[EventType "swiss"]
[EventDate "2023.05.27"]

1. e4 {[%clk 01:30:56] [%emt 00:00:03]} 1... e5 {[%clk 01:30:55] [%emt
00:00:06]} 2. Nf3 {[%clk 01:31:16] [%emt 00:00:10]} 2... d6 {[%clk 01:31:12]
[%emt 00:00:13]} 3. Nc3 {[%clk 01:31:00] [%emt 00:00:46]} 3... Bg4 {[%clk
01:31:08] [%emt 00:00:35]} 4. Be2 {[%clk 01:29:25] [%emt 00:02:04]} 4... Nf6
{[%clk 01:30:37] [%emt 00:01:01]} 5. d4 {[%clk 01:27:47] [%emt 00:02:08]} 5...
Bxf3 {[%clk 01:28:55] [%emt 00:02:10]} 6. Bxf3 {[%clk 01:27:04] [%emt
00:01:14]} 6... exd4 {[%clk 01:29:14] [%emt 00:00:12]} 7. Qxd4 {[%clk 01:25:09]
[%emt 00:02:24]} 7... Nc6 {[%clk 01:27:50] [%emt 00:01:55]} 8. Qa4 {[%clk
01:23:06] [%emt 00:02:40]} 8... Qd7 {[%clk 01:25:24] [%emt 00:02:49]} 9. Bf4
{[%clk 01:16:28] [%emt 00:07:08]} 9... Be7 {[%clk 01:22:38] [%emt 00:03:16]}
10. Nd5 {[%clk 01:13:56] [%emt 00:03:03]} 10... O-O {[%clk 01:19:25] [%emt
00:03:43]} 11. O-O-O {[%clk 01:05:49] [%emt 00:08:36]} 11... Nxd5 {[%clk
01:16:13] [%emt 00:03:42]} 12. Rxd5 {[%clk 00:57:44] [%emt 00:08:35]} 12... Ne5
{[%clk 01:15:05] [%emt 00:01:38]} 13. Qd4 {[%clk 00:53:49] [%emt 00:04:25]}
13... Bf6 {[%clk 01:02:08] [%emt 00:13:28]} 14. Bxe5 {[%clk 00:51:51] [%emt
00:02:27]} 14... dxe5 {[%clk 01:02:29] [%emt 00:00:09]} 15. Qb4 {[%clk
00:47:14] [%emt 00:05:07]} 15... Qc6 {[%clk 01:00:23] [%emt 00:02:36]} 16. Bg4
{[%clk 00:45:11] [%emt 00:02:32]} 16... Rfd8 {[%clk 00:55:03] [%emt 00:05:49]}
17. Rhd1 {[%clk 00:44:23] [%emt 00:01:19]} 17... Rxd5 {[%clk 00:51:26] [%emt
00:04:07]} 18. Rxd5 {[%clk 00:42:29] [%emt 00:02:24]} 18... Qa6 {[%clk
00:50:35] [%emt 00:01:22]} 19. Qb3 {[%clk 00:39:01] [%emt 00:03:57]} 19... Bg5+
{[%clk 00:49:49] [%emt 00:01:16]} 20. Kb1 {[%clk 00:37:50] [%emt 00:01:41]}
20... Rd8 {[%clk 00:48:21] [%emt 00:01:59]} 21. Rd3 {[%clk 00:34:39] [%emt
00:03:40]} 21... Rd4 {[%clk 00:46:41] [%emt 00:02:11]} 22. Be2 {[%clk 00:33:26]
[%emt 00:01:43]} 22... Rxe4 {[%clk 00:38:52] [%emt 00:08:17]} 23. Rf3 {[%clk
00:30:54] [%emt 00:03:03]} 23... Qg6 {[%clk 00:31:36] [%emt 00:07:47]} 24. Qxb7
{[%clk 00:29:14] [%emt 00:02:09]} 24... h6 {[%clk 00:31:54] [%emt 00:00:12]}
25. Qb5 {[%clk 00:28:44] [%emt 00:00:59]} 25... a6 {[%clk 00:25:42] [%emt
00:06:44]} 26. Qe8+ {[%clk 00:24:26] [%emt 00:04:47]} 26... Kh7 {[%clk
00:25:43] [%emt 00:00:30]} 27. Bd1 {[%clk 00:24:01] [%emt 00:00:55]} 27... Rd4
{[%clk 00:25:16] [%emt 00:00:57]} 28. Be2 {[%clk 00:22:29] [%emt 00:02:01]}
28... Rd2 {[%clk 00:25:32] [%emt 00:00:14]} 29. Rc3 {[%clk 00:19:21] [%emt
00:03:38]} 29... Rxe2 {[%clk 00:24:44] [%emt 00:01:17]} 30. a3 {[%clk 00:19:39]
[%emt 00:00:13]} 30... Rxf2 {[%clk 00:23:19] [%emt 00:01:54]} 31. Rxc7 {[%clk
00:19:46] [%emt 00:00:24]} 31... e4 {[%clk 00:21:58] [%emt 00:01:52]} 32. Rc8
{[%clk 00:19:29] [%emt 00:00:46]} 32... Rf1+ {[%clk 00:22:03] [%emt 00:00:25]}
33. Ka2 {[%clk 00:19:49] [%emt 00:00:10]} 33... Qe6+ {[%clk 00:22:12] [%emt
00:00:20]} 34. c4 {[%clk 00:18:30] [%emt 00:01:50]} 34... Qxe8 {[%clk 00:22:07]
[%emt 00:00:35]} 35. Rxe8 {[%clk 00:18:53] [%emt 00:00:08]} 35... f5 {[%clk
00:22:17] [%emt 00:00:20]} 36. c5 {[%clk 00:18:06] [%emt 00:01:16]} 36... Rc1
{[%clk 00:21:47] [%emt 00:01:00]} 37. Rc8 {[%clk 00:18:08] [%emt 00:00:28]}
37... e3 {[%clk 00:21:20] [%emt 00:00:57]} 38. Re8 {[%clk 00:17:28] [%emt
00:01:10]} 38... Rxc5 {[%clk 00:21:42] [%emt 00:00:08]} 39. b4 {[%clk 00:16:55]
[%emt 00:01:03]} 39... Rc3 {[%clk 00:20:49] [%emt 00:01:23]} 40. Kb2 {[%clk
00:17:01] [%emt 00:00:24]} 40... Bf6 {[%clk 00:21:12] [%emt 00:00:07]} 41. g3
{[%clk 00:16:26] [%emt 00:01:05]} 41... Rc8+ {[%clk 00:21:34] [%emt 00:00:08]}
42. Kb3 {[%clk 00:15:40] [%emt 00:01:17]} 42... Rxe8 {[%clk 00:21:57] [%emt
00:00:06]} 43. a4 {[%clk 00:15:37] [%emt 00:00:33]} 43... e2 {[%clk 00:22:21]
[%emt 00:00:06]} 44. b5 {[%clk 00:15:55] [%emt 00:00:12]} 44... axb5 {[%clk
00:22:40] [%emt 00:00:12]} 45. axb5 {[%clk 00:16:15] [%emt 00:00:09]} 45...
e1=Q {[%clk 00:23:05] [%emt 00:00:04]} 46. Ka4 {[%clk 00:16:13] [%emt
00:00:32]} 46... Ra8+ {[%clk 00:23:23] [%emt 00:00:13]} 47. Kb3 {[%clk
00:16:34] [%emt 00:00:09]} 47... Qc3# {[%clk 00:23:48] [%emt 00:00:05]} 0-1

[Event "ODJM C 2023"]
[Site "Willingen GER"]
[Date "2023.05.28"]
[Round "1"]
[White "Türel, Tugce"]
[Black "Moissl, Julian"]
[Result "1-0"]
[Termination "normal"]
[Board "10"]
[WhiteElo "1249"]
[BlackElo "1160"]
[WhiteClock "00:05:08"]
[BlackClock "00:13:07"]
[PlyCount "55"]
[WhiteFideId "26350602"]
[BlackFideId "16295129"]
[EventCountry "GER"]
[EventRounds "9"]
[EventType "swiss"]
[EventDate "2023.05.27"]

1. e4 {[%clk 01:30:54] [%emt 00:00:06]} 1... e5 {[%clk 01:30:52] [%emt
00:00:09]} 2. Nf3 {[%clk 01:31:20] [%emt 00:00:04]} 2... Nc6 {[%clk 01:31:13]
[%emt 00:00:09]} 3. Bc4 {[%clk 01:31:44] [%emt 00:00:06]} 3... Bc5 {[%clk
01:30:37] [%emt 00:01:06]} 4. c3 {[%clk 01:32:06] [%emt 00:00:08]} 4... Nf6
{[%clk 01:30:49] [%emt 00:00:18]} 5. d3 {[%clk 01:32:13] [%emt 00:00:23]} 5...
O-O {[%clk 01:30:17] [%emt 00:01:02]} 6. O-O {[%clk 01:32:07] [%emt 00:00:36]}
6... d6 {[%clk 01:29:11] [%emt 00:01:36]} 7. a4 {[%clk 01:32:14] [%emt
00:00:23]} 7... a6 {[%clk 01:27:12] [%emt 00:02:29]} 8. Bb3 {[%clk 01:30:34]
[%emt 00:02:09]} 8... Bg4 {[%clk 01:25:01] [%emt 00:02:41]} 9. Nbd2 {[%clk
01:30:42] [%emt 00:00:22]} 9... Qe7 {[%clk 01:22:51] [%emt 00:02:40]} 10. Re1
{[%clk 01:30:17] [%emt 00:00:56]} 10... Rad8 {[%clk 01:20:55] [%emt 00:02:25]}
11. Nf1 {[%clk 01:28:41] [%emt 00:02:07]} 11... h6 {[%clk 01:17:50] [%emt
00:03:34]} 12. h3 {[%clk 01:28:12] [%emt 00:00:59]} 12... Be6 {[%clk 01:16:10]
[%emt 00:02:10]} 13. Bc2 {[%clk 01:28:16] [%emt 00:00:27]} 13... d5 {[%clk
01:13:21] [%emt 00:03:18]} 14. Ng3 {[%clk 01:26:09] [%emt 00:02:38]} 14... Qd7
{[%clk 01:06:24] [%emt 00:07:27]} 15. b4 {[%clk 01:19:53] [%emt 00:06:45]}
15... Bd6 {[%clk 01:02:13] [%emt 00:04:42]} 16. Rb1 {[%clk 00:46:47] [%emt
00:33:36]} 16... Ne7 {[%clk 00:57:27] [%emt 00:05:16]} 17. d4 {[%clk 00:34:27]
[%emt 00:12:49]} 17... dxe4 {[%clk 00:46:08] [%emt 00:11:49]} 18. dxe5 {[%clk
00:33:34] [%emt 00:01:23]} 18... Ned5 {[%clk 00:30:01] [%emt 00:16:37]} 19. Qd4
{[%clk 00:12:13] [%emt 00:21:52]} 19... exf3 {[%clk 00:25:20] [%emt 00:05:10]}
20. exf6 {[%clk 00:09:11] [%emt 00:03:32]} 20... Nxf6 {[%clk 00:25:11] [%emt
00:00:39]} 21. Ne4 {[%clk 00:07:40] [%emt 00:02:01]} 21... Nxe4 {[%clk
00:22:50] [%emt 00:02:51]} 22. Qxe4 {[%clk 00:07:59] [%emt 00:00:12]} 22... g6
{[%clk 00:19:18] [%emt 00:04:01]} 23. Bxh6 {[%clk 00:08:02] [%emt 00:00:27]}
23... Rfe8 {[%clk 00:17:08] [%emt 00:02:41]} 24. Qxf3 {[%clk 00:08:07] [%emt
00:00:25]} 24... c6 {[%clk 00:16:42] [%emt 00:00:56]} 25. Rbd1 {[%clk 00:07:09]
[%emt 00:01:28]} 25... Qc7 {[%clk 00:15:30] [%emt 00:01:42]} 26. Rxd6 {[%clk
00:06:32] [%emt 00:01:06]} 26... Bd5 {[%clk 00:13:23] [%emt 00:02:38]} 27. Rxd8
{[%clk 00:04:53] [%emt 00:02:09]} 27... Bxf3 {[%clk 00:13:07] [%emt 00:00:46]}
28. Rexe8+ {[%clk 00:05:08] [%emt 00:00:15]} 1-0